Imagen 1 Imagen 2 Imagen 3 Imagen 4 Imagen 5 Imagen 6

Prosas : (Registro nro. 53602)

Detalles MARC
000 -LEADER
campo de control de longitud fija 01288nam a2200301 i 4500
003 - IDENTIFICADOR DE NÚMERO DE CONTROL
campo de control peliumch
005 - FECHA Y HORA DE LA ÚLTIMA TRANSACCIÓN
campo de control 20260209180358.0
008 - DATOS DE LONGITUD FIJA--INFORMACIÓN GENERAL
campo de control de longitud fija 260206t2025 pe ||||gr|||| 00| 0 spa d
020 ## - NÚMERO INTERNACIONAL ESTÁNDAR DEL LIBRO
Número Internacional Estándar del Libro 9786123311445
040 ## - FUENTE DE CATALOGACIÓN
Centro catalogador/agencia de origen UMCH
Lengua de catalogación spa
Centro/agencia transcriptor UMCH
Centro/agencia modificador jmr
Normas de descripción rda
041 0# - CÓDIGO DE IDIOMA
Código de lengua del texto/banda sonora o título independiente spa
043 ## - CÓDIGO DE ÁREA GEOGRÁFICA
Código de área geográfica s-pe---
082 ## - NÚMERO DE LA CLASIFICACIÓN DECIMAL DEWEY
Número de clasificación 869.98/B44
100 1# - ENTRADA PRINCIPAL--NOMBRE DE PERSONA
Término indicativo de función/relación autor.
Nombre de persona Belevan, Harry.
245 ## - MENCIÓN DEL TÍTULO
Título Prosas :
Resto del título Tomo II /
Mención de responsabilidad, etc. Belevan, Harry.
250 ## - MENCION DE EDICION
Mención de edición Primera edición.
264 #1 - PRODUCCIÓN, PUBLICACIÓN, DISTRIBUCIÓN, FABRICACIÓN Y COPYRIGHT
Producción, publicación, distribución, fabricación y copyright Lima, Perú ;
Nombre del de productor, editor, distribuidor, fabricante Universidad Ricardo Palma.
Fecha de producción, publicación, distribución, fabricación o copyright 2025
264 #4 - PRODUCCIÓN, PUBLICACIÓN, DISTRIBUCIÓN, FABRICACIÓN Y COPYRIGHT
Fecha de producción, publicación, distribución, fabricación o copyright ©2025
300 ## - DESCRIPCIÓN FÍSICA
Extensión 703 páginas ;
Dimensiones 22 cm.
520 3# - RESUMEN, ETC.
Sumario, etc. La obra en conjunto de Belevan, desde sus inicios, es una muestra muy<br/>palpable de una poética de la reescritura: un sinceramiento y una defensa de la creación verbal como el resultado de cruces de caminos modificados una y otravez, de modo que el mapa a seguir nunca sea el mismo. Esto, en el fondo, subsiste, todo aquello que un contexto u horizonte cultural ha establecido como texto literario, frente a otros que no lo son en ese instante.
521 ## - NOTA DE PÚBLICO DESTINATARIO
Nota de público destinatario Recomendado para un público general.
650 14 - PUNTO DE ACCESO ADICIONAL DE MATERIA--TÉRMINO DE MATERIA
Término de materia o nombre geográfico como elemento de entrada Literatura peruana
942 ## - ELEMENTOS DE ENTRADA SECUNDARIOS (KOHA)
Fuente del sistema de clasificación o colocación Clasificación Decimal Dewey
Tipo de ítem Koha Libros
Suprimir en OPAC No
Existencias
Estatus retirado Estado de pérdida Fuente del sistema de clasificación o colocación Estado de daño No para préstamo Biblioteca de origen Biblioteca actual Fecha de adquisición Fuente de adquisición Información codificada de la localización en otra ubicación Total checkouts Signatura topográfica completa Código de barras Visto por última vez Precio de reemplazo Tipo de ítem Koha
    Clasificación Decimal Dewey     Biblioteca Central Biblioteca Central 06/02/2026 Donación UMCH   869.98/B44 035749 06/02/2026 06/02/2026 Libros

Horarios de atención

De Lunes a Viernes de 8:00 a.m. -7:00 p.m.
Sábados de 8:00 a.m. - 5:00 p.m.



Email:
 biblioteca@umch.edu.pe

Teléfono: (01) 4490449 anexo 400 y 401
WhatsApp: +51 946 208 593